ბათუმის შოთა რუსთაველის სახელმწიფო უნივერსიტეტის ბიბლიოთეკა

Кормовые отравления сельско-хозяйственных животных (ბიბ.ჩანაწერი № 45671)

000 -LEADER
fixed length control field 00899nam a2200241Ia 4500
001 - CONTROL NUMBER
control field 12497
003 - CONTROL NUMBER IDENTIFIER
control field GE_BSU
008 - FIXED-LENGTH DATA ELEMENTS--GENERAL INFORMATION
fixed length control field 181216s||||||||xx |||||||||||||| ||und||
040 ## - CATALOGING SOURCE
Transcribing agency GE_BSU
080 ## - UNIVERSAL DECIMAL CLASSIFICATION NUMBER
Universal Decimal Classification number 619.615.913
100 ## - MAIN ENTRY--PERSONAL NAME
Personal name Вильнер,А.М.
245 ## - TITLE STATEMENT
Title Кормовые отравления сельско-хозяйственных животных
245 ## - TITLE STATEMENT
Statement of responsibility, etc. Ред.Э.Э.Магон
250 ## - EDITION STATEMENT
Edition statement 4-ое дополн.и перераб.
260 ## - PUBLICATION, DISTRIBUTION, ETC.
Place of publication, distribution, etc. Ленинград
260 ## - PUBLICATION, DISTRIBUTION, ETC.
Name of publisher, distributor, etc. Колос
260 ## - PUBLICATION, DISTRIBUTION, ETC.
Date of publication, distribution, etc. 1966
300 ## - PHYSICAL DESCRIPTION
Extent 447стр.22см.
300 ## - PHYSICAL DESCRIPTION
Dimensions Альфавитный указатель латинских названии стр.444
300 ## - PHYSICAL DESCRIPTION
Accompanying material Предметный указатель латинских названии стр.442
653 ## - INDEX TERM--UNCONTROLLED
Uncontrolled term Кормовые отравления сельско-хозяйственных животных
942 ## - ADDED ENTRY ELEMENTS (KOHA)
Koha item type წიგნი
ეგზემპლარები
Withdrawn status Lost status Damaged status Not for loan Date acquired Barcode Date last seen Price effective from Koha item type
        2018-12-17 20524 2018-12-17 2018-12-17 წიგნი
        2018-12-17 20549 2018-12-17 2018-12-17 წიგნი